<?xml version="1.0" encoding="UTF-8"?>
<record
    xmlns:xsi="http://www.w3.org/2001/XMLSchema-instance"
    xsi:schemaLocation="http://www.loc.gov/MARC21/slim http://www.loc.gov/standards/marcxml/schema/MARC21slim.xsd"
    xmlns="http://www.loc.gov/MARC21/slim">

  <leader>02894cam a22003494a 4500</leader>
  <controlfield tag="001">424</controlfield>
  <controlfield tag="003">OSt</controlfield>
  <controlfield tag="005">20250527150858.0</controlfield>
  <controlfield tag="008">061003 1993    bl #          000   por  </controlfield>
  <datafield tag="020" ind1=" " ind2=" ">
    <subfield code="a">8571643492</subfield>
  </datafield>
  <datafield tag="040" ind1=" " ind2=" ">
    <subfield code="b">por</subfield>
  </datafield>
  <datafield tag="041" ind1=" " ind2=" ">
    <subfield code="h">por</subfield>
    <subfield code="a">eng</subfield>
  </datafield>
  <datafield tag="082" ind1=" " ind2=" ">
    <subfield code="a">296</subfield>
    <subfield code="b">V523m</subfield>
  </datafield>
  <datafield tag="100" ind1="1" ind2=" ">
    <subfield code="a">Geza, Vermes</subfield>
    <subfield code="d">1924- 2013</subfield>
  </datafield>
  <datafield tag="245" ind1="0" ind2="0">
    <subfield code="a">Os manuscritos do mar morto /</subfield>
    <subfield code="c">Geza, Vermes ; Tradu&#xE7;&#xE3;o de J&#xFA;lia B&#xE1;r&#xE1;ny e Maria Helena de Oliveira Tricca</subfield>
  </datafield>
  <datafield tag="260" ind1=" " ind2=" ">
    <subfield code="a">S&#xE3;o Paulo</subfield>
    <subfield code="b">Companhia das Letras</subfield>
    <subfield code="c">1993</subfield>
  </datafield>
  <datafield tag="300" ind1=" " ind2=" ">
    <subfield code="a">415 p.</subfield>
  </datafield>
  <datafield tag="520" ind1=" " ind2=" ">
    <subfield code="a">Os Manuscritos do Mar Morto, &#xFA;nica obra que traz a tradu&#xE7;&#xE3;o integral de todos os textos liberados ao p&#xFA;blico at&#xE9; o momento, faculta confi&#xE1;vel e direto acesso &#xE0;s tradu&#xE7;&#xF5;es desses fascinantes documentos, todo o material acess&#xED;vel &#xE0; tradu&#xE7;&#xE3;o dos manuscritos at&#xE9; agora. Como o processo de entrega dos documentos aos eruditos que os estudam tem sido muito lento, Geza Vermes - desde a publica&#xE7;&#xE3;o da primeira vers&#xE3;o, em 1962 - tem acrescentado a cada uma delas mais textos traduzidos. Neste livro foram acrescentados vinte e seis novos textos, uma introdu&#xE7;&#xE3;o discutindo o desenrolar da quest&#xE3;o Qumran, com todos os seus problemas, e um invent&#xE1;rio - apresentado pela primeira vez - de todos os documentos entregues em 1991; Esses fascinantes documentos, que foram encontrados em 1947, em Israel, trouxeram uma enorme mudan&#xE7;a no entendimento da B&#xED;blia hebraica, do juda&#xED;smo p&#xF3;s-b&#xED;blico e das origens do cristianismo. O grande interesse mundial por esses escritos est&#xE1; ligado a v&#xE1;rios fatores: foram encontrados todos os textos da B&#xED;blia hebraica (&#xE0; exce&#xE7;&#xE3;o do Livro de Ester), textos esses mil anos mais antigos que o mais velho c&#xF3;dice conhecido at&#xE9; ent&#xE3;o; a import&#xE2;ncia dos textos n&#xE3;o-b&#xED;blicos, que mostram a prepara&#xE7;&#xE3;o para a vinda de Jesus Cristo; por meio deles se pode conhecer melhor as ra&#xED;zes do Cristianismo. Enfim, o maior achado arqueol&#xF3;gico do s&#xE9;culo XX, que proporcionou uma tradu&#xE7;&#xE3;o mais acurada da pr&#xF3;pria B&#xED;blia; Os primeiros cap&#xED;tulos descrevem a filosofia, a vida, as cren&#xE7;as e o significado dos escritos dos ess&#xEA;nios. Esta obra tem a virtude de ser um eficiente guia para eruditos, estudantes cujos interesses abranjam o antigo juda&#xED;smo e o cristianismo incipiente e para o p&#xFA;blico em geral, que queiram conhecer um pouco mais essa seita extraordin&#xE1;ria - os ess&#xEA;nios.

</subfield>
  </datafield>
  <datafield tag="650" ind1=" " ind2="0">
    <subfield code="a">Literatura Inglesa</subfield>
    <subfield code="9">89</subfield>
  </datafield>
  <datafield tag="650" ind1=" " ind2="0">
    <subfield code="a">Gnosticismo</subfield>
    <subfield code="9">911</subfield>
  </datafield>
  <datafield tag="650" ind1=" " ind2=" ">
    <subfield code="a">Manuscritos do Mar Morto</subfield>
  </datafield>
  <datafield tag="650" ind1=" " ind2="0">
    <subfield code="a">Escrituras judaicas &#x2014; Textos antigos</subfield>
    <subfield code="9">906</subfield>
  </datafield>
  <datafield tag="650" ind1=" " ind2=" ">
    <subfield code="a">Arqueologia B&#xED;blica  </subfield>
  </datafield>
  <datafield tag="650" ind1=" " ind2="0">
    <subfield code="a">Interpreta&#xE7;&#xE3;o b&#xED;blica &#x2014; Antiguidade</subfield>
    <subfield code="9">908</subfield>
  </datafield>
  <datafield tag="655" ind1=" " ind2="0">
    <subfield code="a">N&#xE3;o Fic&#xE7;&#xE3;o</subfield>
    <subfield code="9">102</subfield>
  </datafield>
  <datafield tag="655" ind1=" " ind2="0">
    <subfield code="a">Estudo Arqueol&#xF3;gico </subfield>
    <subfield code="9">909</subfield>
  </datafield>
  <datafield tag="700" ind1="1" ind2=" ">
    <subfield code="a">Edmund, Wilson</subfield>
  </datafield>
  <datafield tag="700" ind1="1" ind2=" ">
    <subfield code="a">Hildegard, Feist</subfield>
  </datafield>
  <datafield tag="700" ind1="1" ind2=" ">
    <subfield code="a">Maria Helena de Oliveira, Tricca</subfield>
  </datafield>
  <datafield tag="700" ind1="1" ind2=" ">
    <subfield code="a">J&#xFA;lia B&#xE1;r&#xE1;ny, Bartolomei</subfield>
  </datafield>
  <datafield tag="942" ind1=" " ind2=" ">
    <subfield code="2">ddc</subfield>
    <subfield code="c">BK</subfield>
  </datafield>
  <datafield tag="952" ind1=" " ind2=" ">
    <subfield code="0">0</subfield>
    <subfield code="1">0</subfield>
    <subfield code="2">ddc</subfield>
    <subfield code="4">0</subfield>
    <subfield code="7">0</subfield>
    <subfield code="8">NFIC</subfield>
    <subfield code="a">BIBIB</subfield>
    <subfield code="b">BIBIB</subfield>
    <subfield code="c">REL</subfield>
    <subfield code="d">2025-05-19</subfield>
    <subfield code="e">doa&#xE7;&#xE3;o</subfield>
    <subfield code="l">0</subfield>
    <subfield code="o">296 / V523m</subfield>
    <subfield code="p">2025-17348</subfield>
    <subfield code="r">2025-05-19 07:56:31</subfield>
    <subfield code="w">2025-05-19</subfield>
    <subfield code="y">BK</subfield>
  </datafield>
  <datafield tag="999" ind1=" " ind2=" ">
    <subfield code="c">424</subfield>
    <subfield code="d">424</subfield>
  </datafield>
</record>
